000 00449nam a2200133Ia 4500
008 220217s9999 xx 000 0 und d
245 0 _aSpecification for latex foam rubber products. Fourth reprint June 1983.(Incorporating Amendments No.1 and 2)
260 _aNew Delhi
260 _c1960
_bISI
490 _aGeneral rubber products subcommittee,CDC6:4
500 _aStandard number: IS 1741
650 _aLatex foam rubber products
942 _cST
999 _c73582
_d73582